Introduction to probability and statistics (Record no. 533317)

000 -LEADER
fixed length control field 00231nam a22000977a 4500
040 ## - CATALOGING SOURCE
Transcribing agency DLC
082 ## - DEWEY DECIMAL CLASSIFICATION NUMBER
Classification number 519.2076
Author Mark LIP
100 ## - MAIN ENTRY--PERSONAL NAME
Personal name Lipschutz, Seymour
9 (RLIN) 8529
245 ## - TITLE STATEMENT
Title Introduction to probability and statistics
942 ## - ADDED ENTRY ELEMENTS (KOHA)
Source of classification or shelving scheme
Koha item type Book
Holdings
Withdrawn status Lost status Source of classification or shelving scheme Damaged status Not for loan Permanent Location Current Location Date acquired Total Checkouts Full call number Barcode Date last seen Date last checked out Price effective from Koha item type
          School of Civil and Environmental Engineering (SCEE) School of Civil and Environmental Engineering (SCEE) 12/24/2019 4 519.2076 LIP NIT-2643 01/29/2025 10/25/2024 12/24/2019 Book
© 2023 Central Library, National University of Sciences and Technology. All Rights Reserved.